| 000 | 00670nam a22001697a 4500 | ||
|---|---|---|---|
| 003 | NUST | ||
| 005 | 20250113131823.0 | ||
| 020 | _a9789690025555 | ||
| 082 | _a954.91,TUF | ||
| 100 |
_aTufail, M. Kaiser _951812 |
||
| 245 |
_aIn the Ring and on Its Feet : _bA Concise Account based on Official War Records / _cAir Cdre M. Kaiser Tufail (R) |
||
| 260 |
_aLahore _bFerozsons (Pvt.) Ltd _c2017 |
||
| 300 | _a235 p | ||
| 505 | _aSection.1 Backdrop (Page-16), Section.2 Operations (Page-50), Section.3 Review (Page-156), Section.4 Appendices (Page-176). | ||
| 650 |
_aGreat Air Battles of Pakistan Air Force _9124549 |
||
| 942 |
_2ddc _cBK _h954.91,TUF |
||
| 999 |
_c612616 _d612616 |
||